| Поле | Инд. | ПП | Название | Значение |
|---|---|---|---|---|
| Тип записи | a | |||
| Библиографический уровень | m | |||
| 001 | Контрольный номер | RU/IS/BASE/264544239 | ||
| 005 | Дата корректировки | 20250805143910.9 | ||
| 008 | Кодируемые данные | 19971120 | ||
| 020 | 00 | a | ISBN | 5-300-00666-1 |
| 040 | 00 | e | Правила каталог. | Л 971120 |
| 084 | a | Индекс другой классификации/Индекс ББК | 84(4Вел)6-442.3 | |
| 090 | 00 | a | Полочн. индекс | 84(4Вел)6-442.3 |
| x | Авторский знак | В 886 | ||
| 097 | 00 | a | 210 | |
| 100 | 10 | a | Автор | Вулф В. |
| q | Полное имя | Вулф Вирджиния | ||
| 245 | 00 | a | Заглавие | Избранное |
| c | Ответственность | перевод с английского Е. Суриц; вступительная статья Н. Валентиновой | ||
| 260 | 00 | a | Место издания | Москва |
| b | Издательство | ТЕРРА | ||
| c | Дата издания | 1996 | ||
| 300 | 00 | a | Объем | 480 с. |
| 336 | a | Термин вида содержания | Текст | |
| 337 | a | Термин типа средства | непосредственный | |
| 440 | 00 | a | Серия | Сокровища мировой литературы. Английская литература XX века |
| 505 | 0_ | a | Форматированное содержание | Миссис Дэллоуэй |
| 505 | 0_ | a | Форматированное содержание | На маяке |
| 505 | 0_ | a | Форматированное содержание | Орландо |
| 650 | 04 | a | Основная рубрика | художественная литература |
| 653 | 00 | a | Ключевые слова | XX век |
| a | Ключевые слова | английская литература | ||
| a | Ключевые слова | Великобритания | ||
| 655 | 00 | a | Жанр/ форма (устаревшее) | проза |
| a | Жанр/ форма (устаревшее) | роман | ||
| a | Жанр/ форма (устаревшее) | художественная биография | ||
| a | Жанр/ форма (устаревшее) | биография | ||
| a | Жанр/ форма (устаревшее) | повесть | ||
| 700 | 10 | a | Автор | Валентинова Н. |
| e | Роль лиц | автор вступительной статьи | ||
| 700 | 10 | a | Автор | Суриц Е. |
| e | Роль лиц | переводчик | ||
| 720 | a | Наименование подборки | История литературы стран изучаемого языка (Великобритания) | |
| e | Признак/вид подборки | Тематические подборки | ||
| 901 | t | Тип документа | m | |
| 952 | a | Тип литературы для КСУ ВШ | ЛХИ |